000 01337cam a2200241 4500
001 ##L134205
008 060717n2006 000 0 eng u
020 _a1852618914
035 _a(Sirsi) u134205
041 0 _aeng
050 0 4 _a306.1 $2 18
110 2 _aLondon
_bGreater London Authority
_bLondon Assembly
_bPlanning and Spatial Development Committee
_94985
245 0 0 _aSize matters
_bthe need for more family homes in London
_h[electronic resource]
260 _aLondon
_bGLA
_c2006
520 _aAims to set out clearly how affordable housing should be defined and describes how it is provided. Highlights that housing provision in many London boroughs is falling behind ambitious targets. Presses for greater clarity in defining affordable housing in borough development plans, changes to the Mayor's London Plan to give better incentive to the building of homes with more bedrooms and for more sophisticated methods of calculating necessary housing requirements.
590 _aIKA180706, KA
650 2 4 _aAffordable housing
_96215
650 2 4 _aLONDON PLAN
651 4 _aLONDON
690 _aPROPERTY-RESIDENTIAL PROPERTY-RESIDENTIAL PROPERTY DEVELOPMENT
856 4 0 _uhttps://legacy.london.gov.uk/assembly/reports/plansd/affordable-housing.pdf
_zView the research free of charge at legacy.london.gov.uk
942 _n0
999 _c105595
_d105595